<?xml version="1.0" encoding="UTF-8"?>
<record
    xmlns:xsi="http://www.w3.org/2001/XMLSchema-instance"
    xsi:schemaLocation="http://www.loc.gov/MARC21/slim http://www.loc.gov/standards/marcxml/schema/MARC21slim.xsd"
    xmlns="http://www.loc.gov/MARC21/slim">

  <leader>02476nam a2200349 a 4500</leader>
  <controlfield tag="001">ebr10256628</controlfield>
  <controlfield tag="003">CaPaEBR</controlfield>
  <controlfield tag="006">m        u        </controlfield>
  <controlfield tag="007">cr cn|||||||||</controlfield>
  <controlfield tag="008">070524s2007    gw a    sb    001 0 eng  </controlfield>
  <datafield tag="010" ind1=" " ind2=" ">
    <subfield code="z">  2007021894</subfield>
  </datafield>
  <datafield tag="020" ind1=" " ind2=" ">
    <subfield code="z">9783110195248 (cloth : alk. paper)</subfield>
  </datafield>
  <datafield tag="040" ind1=" " ind2=" ">
    <subfield code="a">CaPaEBR</subfield>
    <subfield code="c">CaPaEBR</subfield>
  </datafield>
  <datafield tag="035" ind1=" " ind2=" ">
    <subfield code="a">(OCoLC)503443475</subfield>
  </datafield>
  <datafield tag="050" ind1="1" ind2="4">
    <subfield code="a">P53.68</subfield>
    <subfield code="b">.N66 2007eb</subfield>
  </datafield>
  <datafield tag="082" ind1="0" ind2="4">
    <subfield code="a">414/.6</subfield>
    <subfield code="2">22</subfield>
  </datafield>
  <datafield tag="245" ind1="0" ind2="0">
    <subfield code="a">Non-native prosody</subfield>
    <subfield code="h">[electronic resource] :</subfield>
    <subfield code="b">phonetic description and teaching practice /</subfield>
    <subfield code="c">edited by J&#xFFFD;urgen Trouvain, Ulrike Gut.</subfield>
  </datafield>
  <datafield tag="260" ind1=" " ind2=" ">
    <subfield code="a">Berlin ;</subfield>
    <subfield code="a">New York :</subfield>
    <subfield code="b">Mouton de Gruyter,</subfield>
    <subfield code="c">c2007.</subfield>
  </datafield>
  <datafield tag="300" ind1=" " ind2=" ">
    <subfield code="a">viii, 262 p. :</subfield>
    <subfield code="b">ill.</subfield>
  </datafield>
  <datafield tag="490" ind1="1" ind2=" ">
    <subfield code="a">Trends in linguistics. Studies and monographs,</subfield>
    <subfield code="x">1861-4302 ;</subfield>
    <subfield code="v">186</subfield>
  </datafield>
  <datafield tag="504" ind1=" " ind2=" ">
    <subfield code="a">Includes bibliographical references (p. 253-258) and indexes.</subfield>
  </datafield>
  <datafield tag="505" ind1="0" ind2=" ">
    <subfield code="a">Bridging research on phonetic descriptions with knowledge from teaching practice: the case of prosody in non-native speech / Ulrike Gut, J&#xFFFD;urgen Trouvain and William J. Barry -- An introduction to intonation: functions and models / Martine Grice and Stefan Baumann -- Phonological and phonetic influences in non-native intonation / Ineke Mennen -- Different manifestations and perceptions of foreign accent in intonation / Matthias Jilka -- Rhythm as an L2 problem / William Barry -- Temporal patterns in Norwegian as L2 / Wim van Dommelen -- Learner corpora in second language prosody research and teaching / Ulrike Gut -- Teaching prosody in German as a foreign language / Ulla Hirschfeld and J&#xFFFD;urgen Trouvain -- Metacompetence-based approach to the teaching of L2 prosody: practical implications / Magdalena Wrembel -- Individual pronunciation coaching and prosody / Grit Mehlhorn -- Prosodic training of Italian learners of German: the contrastive prosody method / Federica Missaglia.</subfield>
  </datafield>
  <datafield tag="533" ind1=" " ind2=" ">
    <subfield code="a">Electronic reproduction.</subfield>
    <subfield code="b">Palo Alto, Calif. :</subfield>
    <subfield code="c">ebrary,</subfield>
    <subfield code="d">2013.</subfield>
    <subfield code="n">Available via World Wide Web.</subfield>
    <subfield code="n">Access may be limited to ebrary affiliated libraries.</subfield>
  </datafield>
  <datafield tag="650" ind1=" " ind2="0">
    <subfield code="a">Language and languages</subfield>
    <subfield code="x">Study and teaching.</subfield>
  </datafield>
  <datafield tag="650" ind1=" " ind2="0">
    <subfield code="a">Prosodic analysis (Linguistics)</subfield>
    <subfield code="x">Study and teaching.</subfield>
  </datafield>
  <datafield tag="655" ind1=" " ind2="7">
    <subfield code="a">Electronic books.</subfield>
    <subfield code="2">local</subfield>
  </datafield>
  <datafield tag="700" ind1="1" ind2=" ">
    <subfield code="a">Trouvain, J&#xFFFD;urgen.</subfield>
  </datafield>
  <datafield tag="700" ind1="1" ind2=" ">
    <subfield code="a">Gut, Ulrike.</subfield>
  </datafield>
  <datafield tag="710" ind1="2" ind2=" ">
    <subfield code="a">ebrary, Inc.</subfield>
  </datafield>
  <datafield tag="830" ind1=" " ind2="0">
    <subfield code="a">Trends in linguistics.</subfield>
    <subfield code="p">Studies and monographs ;</subfield>
    <subfield code="v">186.</subfield>
  </datafield>
  <datafield tag="856" ind1="4" ind2="0">
    <subfield code="u">http://site.ebrary.com/lib/rucke/Doc?id=10256628</subfield>
    <subfield code="z">An electronic book accessible through the World Wide Web; click to view</subfield>
  </datafield>
  <datafield tag="999" ind1=" " ind2=" ">
    <subfield code="c">31188</subfield>
    <subfield code="d">31188</subfield>
  </datafield>
</record>
